Central Library OPAC University of Rajshahi

Problems of growth in industrial undertakings / (Record no. 10192)

MARC details
000 -LEADER
fixed length control field 00903nam a22002771a 4500
001 - CONTROL NUMBER
control field 10192
003 - CONTROL NUMBER IDENTIFIER
rucl marc code BD-RjUL
005 - DATE AND TIME OF LATEST TRANSACTION
control field 20211208234917.0
008 - FIXED-LENGTH DATA ELEMENTS--GENERAL INFORMATION
fixed length control field 140123s1949 enk 000 0 eng d
035 ## - SYSTEM CONTROL NUMBER
System control number (BD-RjUL)10240
System control number (BD-RjUL)
040 ## - CATALOGING SOURCE
Original cataloging agency QU
Language of cataloging eng
Transcribing agency QU
Modifying agency BD-RjUL
041 ## - LANGUAGE CODE
Language code of text/sound track or separate title eng
082 ## - DEWEY DECIMAL CLASSIFICATION NUMBER
Classification number 658.4
Author mark and year URP
100 1# - MAIN ENTRY--PERSONAL NAME
Personal name Urwick, L.
Fuller form of name (Lyndall Fownes),
Dates associated with a name 1891-1983.
9 (RLIN) 31482
245 10 - TITLE STATEMENT
Title Problems of growth in industrial undertakings /
Statement of responsibility, etc. L. Urwick.
260 ## - PUBLICATION, DISTRIBUTION, ETC. (IMPRINT)
Place of publication, distribution, etc. London :
Name of publisher, distributor, etc. British Institute of Management,
Date of publication, distribution, etc. 1949.
300 ## - PHYSICAL DESCRIPTION
Pagination 44p ;
Size 24cm.
500 ## - GENERAL NOTE
General note Winter Proceedings of the British Institute of Management, 1948/49, n.2.
650 #0 - SUBJECT ADDED ENTRY--TOPICAL TERM
Topical term or geographic name as entry element Industrial management.
9 (RLIN) 31483
710 2# - ADDED ENTRY--CORPORATE NAME
Corporate name or jurisdiction name as entry element British Institute of Management.
9 (RLIN) 31485
830 #0 - SERIES ADDED ENTRY--UNIFORM TITLE
Volume number/sequential designation no. 2.
830 #0 - SERIES ADDED ENTRY--UNIFORM TITLE
Uniform title Winter proceedings (British Institute of Management) ;
942 ## - ADDED ENTRY ELEMENTS (KOHA)
Source of classification or shelving scheme Dewey Decimal Classification
Koha item type Books
Holdings
Lost status Source of classification or shelving scheme Damaged status Not for loan Collection code Permanent Location Current Location Shelving location Date acquired Source of acquisition Total Checkouts Full call number Date last seen Copy number Koha item type
  Dewey Decimal Classification   Not For Loan Non-fiction Central Library, University of Rajshahi Central Library, University of Rajshahi Reading Room 17/11/1958 Colombo Plan, UK Gift   658.4 URP 1949 23/01/2014 C-1 Books